Počítačový údaj ako dôkaz v trestnom konaní a podklad znaleckého posudku

Vymedzenie pojmov počítačový systém, digitálna informácia a počítačové dáta. Zaistenie počítačových údajov pre potreby trestného konania. Pravidlá pre zbieranie digitálnych dôkazov. Počítačové údaje a ich použitie v trestnom konaní.

Enregistré dans:
Détails bibliographiques
Auteur principal: Greguš, Ladislav
Format: Chapitre de livre
Langue:slovaque
Sujets:
Tags: Ajouter un tag
Pas de tags, Soyez le premier à ajouter un tag!

MARC

LEADER 00000nla a2200000 4500
001 0246541
005 20210325104044.0
041 0 |a slo 
044 |a SK 
245 1 0 |a Počítačový údaj ako dôkaz v trestnom konaní a podklad znaleckého posudku  |c Ladislav Greguš 
520 |a Vymedzenie pojmov počítačový systém, digitálna informácia a počítačové dáta. Zaistenie počítačových údajov pre potreby trestného konania. Pravidlá pre zbieranie digitálnych dôkazov. Počítačové údaje a ich použitie v trestnom konaní. 
610 2 0 |a právo trestné 
610 2 0 |a činy trestné 
610 2 0 |a počítače 
610 2 0 |a technológie informačné 
610 2 0 |a technológie komunikačné 
610 2 0 |a informácie 
610 2 0 |a posudky znalecké 
100 1 |a Greguš, Ladislav